Societies beyond oil : (Record no. 1429866)

MARC details
000 -LEADER
fixed length control field 00479nam a2200181Ia 4500
005 - DATE AND TIME OF LATEST TRANSACTION
control field 20250606132144.0
008 - FIXED-LENGTH DATA ELEMENTS--GENERAL INFORMATION
fixed length control field 008 250516s9999 xx 000 0 eng d
020 ## - INTERNATIONAL STANDARD BOOK NUMBER
International Standard Book Number 9781780321684
040 ## - CATALOGING SOURCE
Language of cataloging eng
Transcribing agency SDCL
041 ## - LANGUAGE CODE
Language code of text/sound track or separate title eng
Source of code eng
084 ## - COLON CLASSIFICATION NUMBER
Classification number X9(F555).1'N8 Q3
100 ## - MAIN ENTRY--PERSONAL NAME
Personal name Urry, John
245 #0 - TITLE STATEMENT
Title Societies beyond oil :
Remainder of title Oil dregs and social futures
260 ## - PUBLICATION, DISTRIBUTION, ETC.
Place of publication, distribution, etc. London :
Name of publisher, distributor, etc. Zed Books,
Date of publication, distribution, etc. 2013.
300 ## - PHYSICAL DESCRIPTION
Extent viii, 296p.
650 ## - SUBJECT ADDED ENTRY--TOPICAL TERM
Topical term or geographic name entry element Reference
942 ## - ADDED ENTRY ELEMENTS (KOHA)
Koha item type Textual
Source of classification or shelving scheme Colon Classification (CC)
999 ## -
-- 1429866
-- 1429866
Holdings
Withdrawn status Lost status Source of classification or shelving scheme Damaged status Not for loan Home library Current library Date acquired Source of acquisition Inventory number Total checkouts Full call number Barcode Date last seen Price effective from Koha item type
    Colon Classification (CC)     South Campus Library South Campus Library 2025-05-22 Classic Book Service 226, 16/01/2025   X9(F555).1'N8 Q3 SC1691021 2025-05-22 2025-05-22 Textual
Copyright @ Delhi University Library System